Devocionario de la juventud y misal festivo

Guardado en:
Detalles Bibliográficos
Formato: Desconocido
Lenguaje:español
Publicado: Madrid Bruño 1948
Catálogo:MANES:  Resultados de Búsqueda del Catálogo
Clasificación de libros de texto:
Etiquetas: Agregar Etiqueta
Sin Etiquetas, Sea el primero en etiquetar este registro!
Añadido a:2016-04-26

MARC

LEADER 000000000a22000000004500
001 01015
003 OSt
008 160427s sp ||||| |||| 00| 0 spa d
040 |c centro_manes 
041 1 |a spa 
691 0 |a SE 
245 0 0 |a Devocionario de la juventud y misal festivo 
260 3 |a Madrid  |b Bruño  |c 1948 
300 |a 547 p.  |c 15x10 cm 
500 |a Fecha de publicación tomada del permiso de impresión 
690 7 |a RyM 
942 |2 ddc  |c BK 
546 |a España 
999 |c 6989  |d 6989 
999 |c manes:6989  |d 6989